Movies Quiz

Random Movies or Actor Quiz

Nicolas Cage and His Face Quiz Stats

 Plays Quiz Updated Dec 16, 2016

Challenge
Share
Tweet
Score 0/16 Timer 05:00
0 Plays Today
% Correct
Con Air
78.2%
Face/Off
64.6%
National Treasure: Book of Secrets
58.3%
The Wicker Man
49.3%
Ghost Rider
45.5%
Raising Arizona
41.9%
Adaptation
20.1%
Matchstick Men
19.6%
% Correct
8mm
13%
Bad Lieutenant: Port of Call New Orleans
12.6%
Windtalkers
11.6%
Vampire's Kiss
10.8%
Wild at Heart
7.5%
Bringing Out the Dead
5.1%
Deadfall
3.7%
Red Rock West
2.9%

You're not logged in!

Compare scores with friends on all Sporcle quizzes.
OR
Log In

You Might Also Like...

Show Comments

Extras

Top Quizzes Today


Score Distribution

Your Account Isn't Verified!

In order to create a playlist on Sporcle, you need to verify the email address you used during registration. Go to your Sporcle Settings to finish the process.

Report this User

Report this user for behavior that violates our Community Guidelines.

Details: